000 00341nam a2200133Ia 4500
008 100328s9999 xx 000 0 und d
082 _b35653
100 _aबागुळ चारुदत्त
245 _aखंडणी
260 _bमुक्ता
630 _aखंडणी
730 _aखंडणी
942 _cBOOK
999 _c525514
_d525511